Česká ekonomika na začátku roku 1993.

Prehľad o tom, v akom stave sa hospodárskej politike darilo v r. 1992 udržiavať i pri postupujúcej transformácii základné makroekonomické ukazovatele - infláciu, nezamestnanosť, platobnú (obchodnú) bilanciu a úhrnný spoločenský produkt.

Salvato in:
Dettagli Bibliografici
Autore principale: Kupka, M.
Natura: Capitolo di libro
Lingua:ceco
Soggetti:
Tags: Aggiungi Tag
Nessun Tag, puoi essere il primo ad aggiungerne!!

MARC

LEADER 00000naa a2200000 4500
001 r011552
005 20220826094810.6
041 0 |a cze 
044 |a [CS] 
245 1 0 |a Česká ekonomika na začátku roku 1993.  |c M. Kupka 
520 |a Prehľad o tom, v akom stave sa hospodárskej politike darilo v r. 1992 udržiavať i pri postupujúcej transformácii základné makroekonomické ukazovatele - infláciu, nezamestnanosť, platobnú (obchodnú) bilanciu a úhrnný spoločenský produkt. 
610 2 0 |a politika hospodárska 
610 2 0 |a ukazovatele ekonomické 
610 2 0 |a transformácia 
610 2 0 |a inflácia 
610 2 0 |a nezamestnanosť 
610 2 0 |a bilancia obchodná 
610 2 0 |a bilancia platobná 
610 2 0 |a produkt spoločenský úhrnný 
610 2 0 |a údaje štatistické 
610 2 0 |a 1992 
610 2 0 |a Čechy 
610 2 0 |a privatizácia 
100 1 |a Kupka, M.